Namat ̣sạʻb, wa-namat ̣mukhīf /

On pre-Islamic Arabic poetry, with special reference to a poem by Thābit ibn Jābir Taʼabbata Sharran.

محفوظ في:

المؤلف الرئيسي: Shākir, Maḥmūd Muḥammad.

التنسيق: كتاب

اللغة: Arabic

منشور في: [Jiddah] : [Cairo] : Dār al-Madanī bi-Jiddah ; Matḅaʻat al-Madanī bi-Misṛ, 1996.

الطبعة: al-Tạbʻah 1.

الموضوعات:

الوسوم: إضافة وسم

لا توجد وسوم, كن أول من يضع وسما على هذه التسجيلة!

رقم الطلب: PJ7696 .T2 I567 1996

LEADER 01236nam a2200289 a 4500
003 OSt
005 20231105093337.0
008 980421s1996 su a b 001 0 araod
999 |c 54902  |d 54902 
010 |a 96960344 /NE 
040 |c ARCE Library 
042 |a lcode 
043 |a ma----- 
050 4 |a PJ7696 .T2 I567 1996 
100 1 |6 880-01  |a Shākir, Maḥmūd Muḥammad. 
245 1 0 |6 880-02  |a Namat ̣sạʻb, wa-namat ̣mukhīf /  |c Abū Fihr Mahṃūd Muhạmmad Shākir. 
250 |6 880-03  |a al-Tạbʻah 1. 
260 |6 880-04  |a [Jiddah] :  |b Dār al-Madanī bi-Jiddah ;  |a [Cairo] :  |b Matḅaʻat al-Madanī bi-Misṛ,  |c 1996. 
300 |a 445 p. :  |b ill. ;  |c 25 cm. 
504 |a Includes bibliographical references and indexes. 
520 |a On pre-Islamic Arabic poetry, with special reference to a poem by Thābit ibn Jābir Taʼabbata Sharran. 
600 1 0 |6 880-05  |a Taʼabbaṭa Sharran, Thābit ibn Jābir,  |d d. ca. 540  |t Inna bi-al-shiʻb alladhī dūna salʻin. 
650 0 |a Arabic poetry  |y To 622  |x History and criticism. 
880 1 |6 100-01/(3/r  |a شاكر، محمود محمد 
880 1 0 |6 245-02/(3/r  |a نمط صعب، ونمط مخيف   |c أبو فهر محمود محمد شاكر 
901 |a reviewed 
942 |2 lcc  |c BK